Change of investment into logistics in V4 countries before and after the financial crisis

Salvato in:
Dettagli Bibliografici
Autore principale: Gallik, Michal, 1986-
Natura: Capitolo di libro
Lingua:inglese
Soggetti:
Tags: Aggiungi Tag
Nessun Tag, puoi essere il primo ad aggiungerne!!

MARC

LEADER 00000nla$a2200000$$$4500
001 0226494
005 20240502073727.0
041 0 |a eng 
044 |a SK 
245 1 0 |a Change of investment into logistics in V4 countries before and after the financial crisis  |c Michal Gallik 
610 2 0 |a logistika 
610 2 0 |a investície 
610 2 0 |a Vyšehradská štvorka 
610 2 0 |a kríza finančná 
610 2 0 |a nehnuteľnosti 
100 1 |a Gallik, Michal, 1986-